000 00537nam a2200193Ia 4500
005 20250923145642.0
008 008 250917s9999 xx 000 0 eng d
037 _aTextual
040 _aDSWL
_beng
_cDSWL
041 _aeng
_2eng
084 _aY:45:5(Z:9511), N77
_qDSWL
245 4 _aThe Death Penalty
_cEd. by I.Isenberg
260 _aNew York
_b H.W. Wilson Co.
_c1977
300 _a160 p.
365 _aINR
_b91.03
925 _g91.03
942 _cTEXL
_hY:45:5(Z:9511), N77
999 _c1453950
_d1453950